LIBRARY & INFORMATION CENTRE, KCAET, TAVANUR

ONLINE PUBLIC ACCESS CATALOGUE (OPAC)

Agricultural engineering (Record no. 37)

MARC details
000 -LEADER
fixed length control field 00484cam a2200217ua 4500
041 ## - LANGUAGE CODE
Language code of text/sound track or separate title eng
082 ## - DEWEY DECIMAL CLASSIFICATION NUMBER
Classification number 630
Item number JAG/AG
100 ## - MAIN ENTRY--AUTHOR NAME
Personal name Jagadish, Sahay .
245 ## - TITLE STATEMENT
Title Agricultural engineering
250 ## - EDITION STATEMENT
Edition statement 1 /
260 ## - PUBLICATION, DISTRIBUTION, ETC. (IMPRINT)
Place of publication Thrissur :
Name of publisher Standard Book House ,
Year of publication 1964.
300 ## - PHYSICAL DESCRIPTION
Number of Pages 410 ; .
650 ## - SUBJECT ADDED ENTRY--TOPICAL TERM
Topical Term Farm building
650 ## - SUBJECT ADDED ENTRY--TOPICAL TERM
Topical Term Farm machinery
650 ## - SUBJECT ADDED ENTRY--TOPICAL TERM
Topical Term Farm power
942 ## - ADDED ENTRY ELEMENTS (KOHA)
Koha item type Books
003 - CONTROL NUMBER IDENTIFIER
control field @
003 - CONTROL NUMBER IDENTIFIER
control field OSt
Holdings
Withdrawn status Lost status Damaged status Home library Current library Date acquired Full call number Accession Number Koha item type
      KAUAET KAUAET 07/04/2012 630 15257 Books
free website counter